MARC

LEADER 00000nam2a2200000 4500
001 283785
005 20231101235630.0
035 |a (RuTPU)RU\TPU\book\307915 
035 |a RU\TPU\book\298246 
090 |a 283785 
100 |a 20141111d1984 k y0rusy50 ca 
101 0 |a rus 
102 |a RU 
105 |a a z 001zy 
200 0 |a Вып. 1 (67)  |f гл. ред. Л. М. Калошин 
210 |d 1984 
215 |a 80 с.  |c ил. 
320 |a Библиография в конце статей 
461 1 |0 (RuTPU)RU\TPU\book\287095  |t Изотопы в СССР  |o производственно-технический сборник  |f Центральный научно-исследовательский институт информации и технико-экономических исследований по атомной науке и технике  |v Вып. 1 (67)  |d 1965-1988 
606 1 |a Изотопы  |x Технология  |2 stltpush  |3 (RuTPU)RU\TPU\subj\12356  |9 39153 
610 1 |a радиоизотопные приборы 
610 1 |a разработка 
610 1 |a горные машины 
610 1 |a износ 
610 1 |a радиометрический контроль 
610 1 |a шихта 
610 1 |a окомкование 
610 1 |a радиоизотопные методы 
610 1 |a чугун 
610 1 |a фазовый состав 
610 1 |a радиоизотопный экспресс-анализ 
610 1 |a стальные изделия 
610 1 |a термическая обработка 
610 1 |a качество 
610 1 |a грунты 
610 1 |a деформация 
610 1 |a радиоизотопные реперы 
610 1 |a горизонтальные смещения 
610 1 |a радий 
610 1 |a образцы 
610 1 |a стандартизация 
610 1 |a поверочные дозиметрические установки 
610 1 |a гамма-дефектоскопия 
675 |a 621.039.8.002  |v 3 
702 1 |a Калошин  |b Л. М.  |4 651 
801 1 |a RU  |b 63413507  |c 20141111 
801 2 |a RU  |b 63413507  |c 20200824  |g RCR 
942 |c BK